Responses for Show #9158 - Wednesday, September 11, 2024

Contestants

[<< previous game]

Kristen Robinson, a history instructor from Saint Joseph, Michigan

Ben Gagne-Maynard, an education consultant from Madison, Wisconsin

Will Weiss, a technical program manager from Islip, New York (whose 1-day cash winnings total $14,000)

[next game >>]

Jeopardy! Round responses

GEOGRAPHY
HOLY SOMETHING!
BOOKS FOR KIDS
NAMES IN THE DICTIONARY
THE ENVIRONMENT
TV RERUNS
(Ken: The return of clues here that showed up once in games here but never got played; they're back.)
    $200 5
Mt. Fuji

Will
    $200 30
Moses

Triple Stumper
    $200 10
(Kristen: What is [*] Everlasting?)

Tuck

Kristen
    $200 27
nick

Kristen
    $200 25
solar panels

Will
    $200 23
The Amazing Race

Ben
    $400 4
Cardiff

Will
    $400 29
fratricide

Will
    $400 7
(Kristen: What is... The 100 Hats of Bartholomew Cubbins?)

Yertle the Turtle

Kristen
Triple Stumper
    $400 26
dawn

Ben
    $400 24
carbon dioxide

Will
    $400 22
black-ish

Will
    $600 1
(Ben: What is Constantin--what is [*]?)

Istanbul

Ben
    $600 28
(Ben: What is dandy?)

macaroni

WillBen
    $600 6
My Little Pony

Will
    $600 16
chuck

Kristen
    $600 20
compost

Ben
    $600 21
Fleabag

Will
    $800 2
(Ben: What is... Azerbaijan?)
(Ken: Ooh, close, right next door in [*].)

Armenia

Ben
    $800 18
a hand grenade

Kristen
    $800 8
The Giver

Kristen
    $800 14
a dean

Kristen
    $800 17
the Dust Bowl

Ben
    $800 13
Beef

Ben
    $1000 3
the Cook Strait

Triple Stumper
    $1000 19
(Ken: I'm not gonna kink shame here, it was [*].)

a cow

Triple Stumper
    $1000 9
Carl

Triple Stumper
    $1000 15
a mason

Will
    $1000 11
(Kristen: What is a reservoir?)

a watershed

Kristen
Triple Stumper
    $1000 12
(Ken: He's married to [*]--Mork & Mindy fame.)

Pam Dawber

Triple Stumper

Scores at the first commercial break (after clue 15):

Will Ben Kristen
$2,200 $600 $400

Scores at the end of the Jeopardy! Round:

Will Ben Kristen
$4,800 $2,000 $2,000

Double Jeopardy! Round responses

PRESIDENTIAL ELECTION LOSERS
FILMANTHROPY
ENDS IN "EAU"
AMAZING ANIMALS
THE DEAD SEA SCROLLS
A FEW COLORFUL WORDS
    $400 14
Douglas

Will
    $400 17
soccer

Ben
    $400 6
Juneau

Kristen
    $400 19
(Will: What is an elephant?)

a blue whale

WillBen
    $400 27
(Ben: What is the Temple of Solomon?)

the Second Temple

Ben
Triple Stumper
    $400 23
pitch black

Triple Stumper
    $800 13
(Aaron) Burr

Ben
    $800 16
(Will: What is Captain Marvel?)

Black Panther

Will
    $800 5
a plateau

Will
    $800 25
the retina

Will
    $800 28
Psalms

Kristen
    $800 24
sepia

Triple Stumper
    $1200 12
An Inconvenient Truth

Will
    $1200 15
Slumdog Millionaire

Will
    $1200 4
a trousseau

Kristen
    $1200 20
a squid

Ben
    $1200 18
The Wall Street Journal

Will
    $1200 26
auburn

Will
    $3,000 10
(Ken: Ben?)
(Ben: I'm sorry.)
(Ken: It was two losses to McKinley and one to Taft, that's [*].)

William Jennings Bryan

Ben
    $1600 9
Hidden Figures

Ben
    $1600 3
the Fontainebleau

Will
    $1600 7
the honey badger

Triple Stumper
    $1600 22
Aramaic

Will
    $1600 30
(Ken: From Iris' name, [*].)

iridescent

Triple Stumper
    $2000 11
Barry Goldwater

Ben
    $2000 8
Everything Everywhere All at Once

Kristen
    $2000 1
[Kristen selected the first clue.]

a portmanteau

Triple Stumper
    $2000 2
(Kristen: What is a monkey?)
(Ken: Can you be more specific?)
(Kristen: [No response])

a baboon

Kristen
Triple Stumper
    $2000 21
the Huntington Library

Triple Stumper
    $2000 29
alabaster

Triple Stumper

Scores at the end of the Double Jeopardy! Round:

Will Ben Kristen
$13,600 $5,000 $4,400
(lock game)

[wagering suggestions for these scores]

Final Jeopardy! Round responses

WORLD BORDERS
(Ken: [To Ben] I believe that's in third place after U.S. and Canada.)
KristenWhat are Russia & China
$4,400
BenWhat are Chile and Argentina?
$3,801
WillWhat are Russia & China? (Lets gooo!)
$0
Russia & Kazakhstan

Final scores:

Will Ben Kristen
$13,600 $1,199 $0
2-day champion: $27,600 2nd place: $3,000 3rd place: $2,000

Game dynamics:

Coryat scores:

Will Ben Kristen
$14,400 $8,800 $4,400
19 R,
2 W
(including 1 DD)
12 R,
4 W
(including 2 DDs)
10 R,
3 W

Combined Coryat: $27,600

[game clues] [game scores] [suggest correction]

Game tape date: 2024-05-30
The J! Archive is created by fans, for fans. Scraping, republication, monetization, and malicious use prohibited; this site may use cookies and collect identifying information. See terms. The Jeopardy! game show and all elements thereof, including but not limited to copyright and trademark thereto, are the property of Jeopardy Productions, Inc. and are protected under law. This website is not affiliated with, sponsored by, or operated by Jeopardy Productions, Inc. Join the discussion at JBoard.tv.